Sản phụ khoa
Nội dung sách gồm những kiến thức cơ bản về sản phụ khoa cơ sở giúp cho việc chăm sóc, bảo vệ sức khỏe bà mẹ trẻ em- dân số kế hoạch hóa gia đình....
Na minha lista:
| Autor principal: | |
|---|---|
| Formato: | Livro |
| Idioma: | Undetermined |
| Publicado em: |
Hà Nội
Y học
2000
|
| Assuntos: | |
| Tags: |
Adicionar Tag
Sem tags, seja o primeiro a adicionar uma tag!
|
| Thư viện lưu trữ: | Trung tâm Học liệu Trường Đại học Cần Thơ |
|---|
| LEADER | 00789nam a2200217Ia 4500 | ||
|---|---|---|---|
| 001 | CTU_240263 | ||
| 008 | 210402s9999 xx 000 0 und d | ||
| 020 | |c 35000 | ||
| 082 | |a 618.2 | ||
| 082 | |b Đ305/T.1 | ||
| 100 | |a Lê, Văn Điển | ||
| 245 | 0 | |a Sản phụ khoa | |
| 245 | 0 | |c Lê Văn Điển (chủ biên) | |
| 260 | |a Hà Nội | ||
| 260 | |b Y học | ||
| 260 | |c 2000 | ||
| 520 | |a Nội dung sách gồm những kiến thức cơ bản về sản phụ khoa cơ sở giúp cho việc chăm sóc, bảo vệ sức khỏe bà mẹ trẻ em- dân số kế hoạch hóa gia đình.... | ||
| 650 | |a Obstetrics,Sản khoa | ||
| 904 | |i Năm | ||
| 910 | |a Tuyến | ||
| 980 | |a Trung tâm Học liệu Trường Đại học Cần Thơ | ||